LEADER 01180nam0-2200373li-450 001 990000256960203316 005 20180312154742.0 010 $a0-13-502949-X 035 $a0025696 035 $aUSA010025696 035 $a(ALEPH)000025696USA01 035 $a0025696 100 $a20001109d1987----km-y0itay0103----ba 101 0 $aeng 102 $aUS 200 1 $aIntroduction to VAX-11 architecture and assembly language$fThomas S. Frank 210 $aEnglewood Cliffs (N.J.)$cPrentice-Hall$dcopyr. 1987 215 $aXIV, 685 p.$cill.$d23 cm 610 1 $ahardware$aarchitettura 610 1 $alinguaggio assembler 610 1 $avax 11 (elaboratore elettronico)-programmazione 676 $a005245$9. 700 1$aFrank,$bThomas S.$0747154 801 $aSistema bibliotecario di Ateneo dell' Università di Salerno$gRICA 912 $a990000256960203316 951 $a005.245 FRA$b0011697 959 $aBK 969 $aSCI 979 $c19900504 979 $c20001110$lUSA01$h1715 979 $c20020403$lUSA01$h1634 979 $aPATRY$b90$c20040406$lUSA01$h1618 996 $aIntroduction to VAX-11 architecture and assembly language$91492387 997 $aUNISA LEADER 00850nam0-22003011i-450 001 990004173480403321 005 20211112163951.0 035 $a000417348 100 $a19990604d1964----km-y0itay50------ba 101 0 $aeng 102 $aGB 105 $af---c---001cy 200 1 $aRuskin today$fchosen and annotated by Kenneth Clark 210 $aLondon$cYohn Murray$d1964 215 $aXXI, 362 p., [9] c. di tav.$d23 cm 610 0 $aRuskin, John$aScritti$aAntologie 676 $a701$v22$zita 700 1$aRuskin,$bJohn$f<1819-1900>$011255 702 1$aClark,$bKenneth$f<1903-1983> 801 0$aIT$bUNINA$gRICA$2UNIMARC 901 $aBK 912 $a990004173480403321 952 $aP.3 BR.C.254$bBibl.32522$fFLFBC 952 $a07.114$b5244$fDARST 959 $aFLFBC 959 $aDARST 996 $aRuskin today$9485885 997 $aUNINA